000 00517nam a2200181Ia 4500
005 20250326124705.0
008 250326s9999 xx 000 0 und d
037 _aTextbook
040 _aFMSL
_beng
_cFMSL
041 _aeng
_2eng
084 _aX:89A L1
_qFMSL
100 _aKoopmans T C
_9140378
245 0 _aActivity analysis of production and allocation
_cKoopmans T C
260 _aLondon
_bLondon, Yale University
_c1971
300 _a404p
942 _cTB
_hX:89A L1
999 _c1274767
_d1274767